aditir desh (Record no. 7493)

MARC details
000 -LEADER
fixed length control field 00519cam a2200217ua 4500
001 - CONTROL NUMBER
control field 8390
005 - DATE AND TIME OF LATEST TRANSACTION
control field 20260515114329.0
008 - FIXED-LENGTH DATA ELEMENTS--GENERAL INFORMATION
fixed length control field 150129n ii |||gr||||Z||||||asm
020 ## - INTERNATIONAL STANDARD BOOK NUMBER
International Standard Book Number 9789381485439
040 ## - CATALOGING SOURCE
Transcribing agency MAIN
041 ## - LANGUAGE CODE
Language code of text/sound track or separate title asm
082 ## - DEWEY DECIMAL CLASSIFICATION NUMBER
Classification number 891.4513N
100 ## - MAIN ENTRY--PERSONAL NAME
Personal name Barua, P.,
Relator term Author.
245 1# - TITLE STATEMENT
Title aditir desh
Statement of responsibility, etc. By Purabi Barua
250 ## - EDITION STATEMENT
Edition statement 1st.
260 ## - PUBLICATION, DISTRIBUTION, ETC.
Place of publication, distribution, etc. Guwahati:
Name of publisher, distributor, etc. Jyoti,
Date of publication, distribution, etc. 2012.
300 ## - PHYSICAL DESCRIPTION
Extent 421p.
653 ## - INDEX TERM--UNCONTROLLED
Uncontrolled term East Indo-European & Celtic literatures
653 ## - INDEX TERM--UNCONTROLLED
Uncontrolled term Assamese novels
942 ## - ADDED ENTRY ELEMENTS (KOHA)
Koha item type Books
Holdings
Withdrawn status Lost status Damaged status Not for loan Home library Current library Shelving location Date acquired Total checkouts Full call number Barcode Date last seen Date last checked out Copy number Price effective from Koha item type
        Naharkatiya College Library Naharkatiya College Library General stacks 09/19/2020 5 891.4513N | BAR 21859 01/12/2024 01/03/2024 1 09/19/2020 Books